| 000 | 01665cam a2200313 a 4500 | ||
|---|---|---|---|
| 999 |
_c653 _d653 |
||
| 003 | AR-BaISA | ||
| 005 | 20230718120506.0 | ||
| 007 | ta | ||
| 008 | 130209s2012 cl ad b i000 0 spa d | ||
| 010 | _a | ||
| 020 | _a9789212210827 | ||
| 040 | _cAR-BaISA | ||
| 082 | 0 | 4 |
_22 _a362.83 Al56 |
| 245 | 0 | 0 |
_aSi no se cuenta, no cuenta: _binformación sobre la violencia contra las mujeres / _cDiane Alméras y Coral Calderón Magaña |
| 264 | 1 |
_aSantiago de Chile : _bNaciones Unidas, _c2012 |
|
| 300 |
_a387 p.: _bil., graf.; _c23 cm. |
||
| 490 | 1 |
_aCuadernos de la CEPAL _v; 99 |
|
| 504 | _aBibliografía la final de cada capítulo | ||
| 505 |
_tNatalia Gherardi / La violencia contra las mujeres en la región -- _tMaría Victoria Famá / La construcción de redes locales de conocimiento -- _tLigia González Martínez, Michelle Binford, Eugenia Sáenz de Tejada, Laura Montes / Caminos para poner fin a la violencia contra las mujeres en Guatemala -- _tJeannette Llaja Villena / La violencia contra las mujeres en el Perú -- _tNatalia Gherardi. / Violencia contra las mujeres: información disponible e iniciativas en la subregión del Caribe |
||
| 650 | 1 | 4 |
_aViolencia contra la mujer _zAmérica Latina _91577 |
| 650 | 1 | 4 |
_aMujeres maltratadas _zAmérica Latina _91576 |
| 650 | 1 | 4 |
_aViolencia familiar _zAmérica Latina _91578 |
| 700 | 1 |
_aAlméras, Diane _91579 |
|
| 700 | 1 |
_aCalderón Magaña, Coral _91580 |
|
| 700 | 1 | 2 |
_aGherardi, Natalia. _tViolencia contra las mujeres en la región. |
| 830 | 0 |
_91575 _aCuadernos de la CEPAL _v99 |
|
| 942 |
_2ddc _cLI |
||